Datum a čas kvízu
42
Celkem bodů
Celkový počet nahraných bodů na tomto kvízu bez doplňovacích otázek.
1.
Pořadí na kvízu
Konečné umístění týmu na tomto kvízu.
Zaznamenané odpovědi
| # | Otázka | Odpověď | Body | Výsledky |
|---|---|---|---|---|
| 1. | Jeden z nejznámějších českých... | 1 | ||
| 2. | Sopka Sinabung s nadmořskou vý... | 1 | ||
| 3. | České herní studio Warhorse pr... | 1 | ||
| 4. | Síť fastfoodů KFC musela ve Ve... | 1 | ||
| 5. | Napište výsledek sobotního utk... | 1 | ||
| 6. | Jistě se mezi Vámi najde mnoho... | 0 | ||
| 7. | Čemu nebo komu se ve vodáckém... | 1 | ||
| 8. | Místo, kde říční voda viditeln... | 1 | ||
| 9. | Část řeky, kde voda teče velmi... | 1 | ||
| 10. | Kanoistům se mezi vrcholovými... | 1 |